International Business. (Record no. 3374)

MARC details
005 - DATE AND TIME OF LATEST TRANSACTION
control field 20250607073554.0
020 ## - INTERNATIONAL STANDARD BOOK NUMBER
International Standard Book Number 978-0-07-352851-9
082 ## - DEWEY DECIMAL CLASSIFICATION NUMBER
Classification number LECT 658.05 ANN
111 ## - MAIN ENTRY--MEETING NAME
Meeting name or jurisdiction name as entry element ANNUAL EDITIONS.
245 ## - TITLE STATEMENT
Title International Business.
250 ## - EDITION STATEMENT
Edition statement 15th Ed.
260 ## - PUBLICATION, DISTRIBUTION, ETC.
Place of publication, distribution, etc. Boston,
Name of publisher, distributor, etc. McGraw-Hill,
Date of publication, distribution, etc. 2009.
300 ## - PHYSICAL DESCRIPTION
Extent xvi, 173p.: ill.; chart, figure, picture, table
Dimensions 27cm.
942 ## - ADDED ENTRY ELEMENTS (KOHA)
Source of classification or shelving scheme Dewey Decimal Classification
Koha item type Books
Holdings
Date last seen Total checkouts Full call number Barcode Cost, replacement price Price effective from Koha item type Lost status Source of classification or shelving scheme Damaged status Not for loan Withdrawn status Home library Current library Shelving location Date acquired Cost, normal purchase price
06/07/2025   LECT 658.05 ANN 00000011369 60000.00 06/07/2025 Books   Dewey Decimal Classification       College of Business Education Main Library College of Business Education Main Library General Collection 07/16/2012 20000.00
06/07/2025   LECT 658.05 ANN 00000011370 60000.00 06/07/2025 Books   Dewey Decimal Classification       College of Business Education Main Library College of Business Education Main Library General Collection 07/16/2012 20000.00
06/07/2025   LECT 658.05 ANN 00000011371 60000.00 06/07/2025 Books   Dewey Decimal Classification       College of Business Education Main Library College of Business Education Main Library General Collection 07/16/2012 20000.00
06/07/2025   LECT 658.05 ANN 00000011372 60000.00 06/07/2025 Books   Dewey Decimal Classification       College of Business Education Main Library College of Business Education Main Library General Collection 07/16/2012 20000.00